| 000 | 00474nam a22001937a 4500 | ||
|---|---|---|---|
| 005 | 20230918113405.0 | ||
| 008 | 230908b |||||||| |||| 00| 0 eng d | ||
| 020 | _a9788189960131 | ||
| 082 |
_a611 _bSNE-C |
||
| 100 | _aSnell,Richard S. | ||
| 245 | _aClinical Anatomy by Regions | ||
| 250 | _a8th.ed. | ||
| 260 |
_aIndia _bWolters Kluwer _c2008 |
||
| 300 | _a902 | ||
| 500 | _aInclude Index | ||
| 650 | _aMedical/Anatomy | ||
| 700 | _aRichard S.Snell | ||
| 999 |
_c33491 _d33491 |
||